000
00241nmm a2200085Ia 4500
008
220120s9999||||xx |||||||||||||||||und||
100
_a
Digit
245
0
_a
Ubuntu ultimate 3.5, react OS, free BSD
260
_a
Nine dot nine interactive ltd.
_c
2012
999
_c
139817
_d
139817